La deportazione / (Record no. 154129)

MARC details
000 -LEADER
campo de control de longitud fija 00916nam a2200205 i 4500
001 - NÚMERO DE CONTROL
campo de control 154129
003 - IDENTIFICADOR DE NÚMERO DE CONTROL
campo de control ES-MaACL
005 - FECHA Y HORA DE LA ÚLTIMA TRANSACCIÓN
campo de control 20250719062538.0
008 - DATOS DE LONGITUD FIJA--INFORMACIÓN GENERAL
campo de control de longitud fija 050711s1876 it |||| | ita d
100 1# - ENTRADA PRINCIPAL--NOMBRE DE PERSONA
Nombre de persona De Foresta, Adolfo.
9 (RLIN) 51730
245 13 - MENCIÓN DEL TÍTULO
Título La deportazione /
Mención de responsabilidad, etc. per il conte Adolfo de Foresta.
260 ## - PUBLICACIÓN, DISTRIBUCIÓN, ETC.
Lugar de publicación, distribución, etc. Roma :
Nombre del editor, distribuidor, etc. [s.n.],
Fecha de publicación, distribución, etc. 1876 (
Fabricante Stabilimento tipografico Civelli)
300 ## - DESCRIPCIÓN FÍSICA
Extensión 220 p. ;
Dimensiones 22 cm.
650 #4 - PUNTO DE ACCESO ADICIONAL DE MATERIA--TÉRMINO DE MATERIA
Término de materia o nombre geográfico como elemento de entrada Deportación.
9 (RLIN) 135876
852 ## - LOCALIZACIÓN
Ubicación ES-MaACL
Número de control de estantería D-273(15)
Ubicación en estantería Sala Valle Inclán
Donativo/Legado Donación. Francisco Lastres y Juiz
Encuadernación Encuadernado con otras obras formando un volumen facticio.
itemnumber 159767
Sublocalización o colección R.FOLL.12/15
Signatura antigua Olim: 193-C-3
Marcas de propiedad Sello en tinta en el verso de la hoja de guarda anterior: "Donativo del Sr. Lastres al Ateneo de Madrid 1907"
903 ## - NOMBRE PERSONAL DE DONANTE
a Lastres y Juiz, Francisco,
d 1848-1918
q 1
e Donante
9 70504
942 ## - ELEMENTOS DE ENTRADA SECUNDARIOS (KOHA)
Fuente del sistema de clasificación o colocación Clasificación decimal universal
Tipo de ítem Koha Libro impreso
Holdings
Estatus retirado Estado de pérdida Fuente del sistema de clasificación o colocación Estado de daño No para préstamo Colección Biblioteca de origen Biblioteca actual Ubicación en estantería Fecha de adquisición Fuente de adquisición Total de préstamos Signatura topográfica completa Código de barras Visto por última vez Precio de reemplazo Tipo de ítem Koha
    Clasificación decimal universal     Libros del s. XIX Biblioteca del Ateneo de Madrid Biblioteca del Ateneo de Madrid Sala Valle Inclán 17/01/2008 Donación   D-273(15) 901161162 23/02/2023 23/02/2023 Libro impreso antiguo